000 00602nam a2200205Ia 4500
003 OSt
005 20220925215343.0
006 a|||||r|||| 00| 0
007 ta
008 220923b |||||||| |||| 00| 0 eng d
037 _cGeneral Book
040 _aRTL
_cRTL
_beng
041 _2eng
_aeng
082 _aXn79164, H9/GD
100 _aSCOPES L A
_9282636
245 0 _aColombia
_b Economic and commercial conditions in Colombia
260 _aLondon
_bHer Majesty's Stationary Office
_c1949
942 _hXn79164, H9/GD
_cGB
_2CC
999 _c568581
_d568581